书目信息 |
| 题名: |
花生 玉米 棉花 西瓜地膜覆盖高产早熟栽培技术
|
|
| 作者: | 王耀林 主编 | |
| 分册: | ||
| 出版信息: | 北京 金盾出版社 1988.02 |
|
| 页数: | 170页 | |
| 开本: | 19cm | |
| 丛书名: | ||
| 单 册: | ||
| 中图分类: | S35 | |
| 科图分类: | ||
| 主题词: | 土壤耕作 , 农业--有机 , 播种 , 栽植 | |
| 电子资源: | ||
| ISBN: | 7-80022-044-3 | |
| 000 | 00683nam0 2200229 450 | |
| 001 | 0753669157 | |
| 005 | 20071217145805.58 | |
| 010 | @a7-80022-044-3@dCNY3.40 | |
| 100 | @a20071217d1988 km y0chiy0120 ea | |
| 101 | 0 | @achi |
| 102 | @aCN@b110000 | |
| 200 | 1 | @a花生 玉米 棉花 西瓜地膜覆盖高产早熟栽培技术@Ahua sheng yu mi mian hua xi gua di mo fu gai gao chan zao shu zai pei ji shu@f王耀林主编@Fwang yao lin zhu bian |
| 210 | @a北京@c金盾出版社@d1988.02 | |
| 215 | @a170页@d19cm | |
| 606 | 0 | @a土壤耕作 |
| 606 | 0 | @a农业@x有机 |
| 606 | 0 | @a播种 |
| 606 | 0 | @a栽植 |
| 690 | @aS35@v4 | |
| 701 | 0 | @a王耀林@Awang yao lin@4主编 |
| 801 | 0 | @aCN@bPFT@c20071217 |
| 905 | @aBZT@dS35@e2 | |
| 花生 玉米 棉花 西瓜地膜覆盖高产早熟栽培技术/王耀林主编.-北京:金盾出版社,1988.02 |
| 170页;19cm |
| ISBN 7-80022-044-3:CNY3.40 |
| ● |
| 相关链接 |
|
|
|
正题名:花生 玉米 棉花 西瓜地膜覆盖高产早熟栽培技术
索取号:S35/2
 
预约/预借
| 序号 | 登录号 | 条形码 | 馆藏地/架位号 | 状态 | 备注 |
| 1 | 007269 | 220000770 | 中心书库中库/ 中库033架B面8列3层22/ [索取号:S35/2] | 在馆 | |
| 2 | 007271 | 220000769 | 中心书库中库/ 中库033架B面8列3层23/ [索取号:S35/2] | 在馆 |